[Event "Dortmund Sparkassen op-B 47th"]
[Site "Dortmund"]
[Date "2019.07.19"]
[Round "7"]
[White "Biessner, Eberhard"]
[Black "Boecker, Juergen"]
[Result "0-1"]
[WhiteElo "1685"]
[BlackElo "1791"]
[PlyCount "118"]
[EventDate "2019.07.13"]
[EventType "swiss"]
[EventRounds "9"]
[EventCountry "GER"]
[SourceTitle "CBM 192 Extra"]
[Source "Chessbase"]
[SourceDate "2019.11.06"]
[SourceVersion "1"]
[SourceVersionDate "2019.11.06"]
[SourceQuality "1"]

1. e3 g6 2. d4 Bg7 3. c4 Nf6 4. Nc3 0-0 5. Nf3 d6 6. Be2 Nbd7 7. b3 e5 8. Bb2 e4 9. Nd2 Re8 10. 0-0 c6 11. Qc2 Qe7 12. Rae1 Nf8 13. Nd1 Bf5 14. h3 h5 15. Kh2 Ne6 16. Rg1 Nf4 17. Bf1 Nd3 18. Bxd3 exd3 19. Qc1 Ng4+ 20. Kh1 Qh4 21. Rgf1 Nh6 22. Nf3 Qd8 23. Qd2 Be4 24. Ng1 Nf5 25. Kh2 d5 26. f3 Qd6+ 27. f4 Qe7 28. Nf3 Bf6 29. Nf2 Bh4 30. Nxh4 Nxh4 31. Nxe4 Qxe4 32. Rf2 Kg7 33. Bc1 Nf5 34. Rd1 Nxe3 35. Re1 Ng4+ 36. hxg4 Qxe1 37. gxh5 gxh5 38. f5 Qxd2 39. Rxd2 Re1 40. Ba3 Re3 41. Bd6 Rae8 42. Bf4 R3e4 43. f6+ Kxf6 44. Be5+ R8xe5 45. dxe5+ Rxe5 46. Rxd3 dxc4 47. bxc4 Rc5 48. Rf3+ Ke6 49. Rc3 Ke5 50. Kh3 Kd6 51. Rd3+ Ke6 52. Re3+ Re5 53. Rf3 Re2 54. Rc3 f5 55. Kg3 f4+ 56. Kf3 Ke5 57. Ra3 Re3+ 58. Rxe3+ fxe3 59. Kxe3 h4 0-1

[Event "Dortmund Sparkassen op-B 47th"]
[Site "Dortmund"]
[Date "2019.07.16"]
[Round "4"]
[White "Freiknecht, Holger"]
[Black "Biessner, Eberhard"]
[Result "1-0"]
[WhiteElo "1833"]
[BlackElo "1685"]
[PlyCount "105"]
[EventDate "2019.07.13"]
[EventType "swiss"]
[EventRounds "9"]
[EventCountry "GER"]
[SourceTitle "CBM 192 Extra"]
[Source "Chessbase"]
[SourceDate "2019.11.06"]
[SourceVersion "1"]
[SourceVersionDate "2019.11.06"]
[SourceQuality "1"]

1. e4 Nf6 2. e5 Nd5 3. d4 d6 4. c4 Nb6 5. exd6 exd6 6. Nc3 Nc6 7. d5 Ne5 8. f4 Ng6 9. Nge2 Be7 10. Ng3 0-0 11. Bd3 Bh4 12. 0-0 Re8 13. Qf3 Bxg3 14. hxg3 f5 15. Be3 Qf6 16. Nb5 Qd8 17. Bd4 Bd7 18. c5 Nc8 19. Rae1 a6 20. c6 bxc6 21. dxc6 Be6 22. Nc3 Nb6 23. Bxb6 cxb6 24. Rxe6 Rxe6 25. Bc4 Qf6 26. Qd5 Rae8 27. Re1 Nf8 28. c7 Kf7 29. Qxd6 Kg6 30. Rxe6 Nxe6 31. c8Q Rxc8 32. Qxe6 Qxe6 33. Bxe6 Rd8 34. Bd5 Kf6 35. Kf2 b5 36. a3 a5 37. Bc6 Rd2+ 38. Ke3 Rxb2 39. Nxb5 h6 40. Nd4 Ra2 41. a4 Ra3+ 42. Kd2 Rxg3 43. Bf3 g5 44. Ne2 Rg4 45. Bxg4 fxg4 46. Ke3 h5 47. Nd4 h4 48. fxg5+ Kxg5 49. Kf2 Kf4 50. Nb3 h3 51. g3+ Ke4 52. Nxa5 Kd4 53. Nb3+ 1-0

[Event "Dortmund Sparkassen op-B 47th"]
[Site "Dortmund"]
[Date "2019.07.15"]
[Round "3"]
[White "Biessner, Eberhard"]
[Black "Lin, Ying Rui"]
[Result "1/2-1/2"]
[WhiteElo "1685"]
[BlackElo "1819"]
[PlyCount "100"]
[EventDate "2019.07.13"]
[EventType "swiss"]
[EventRounds "9"]
[EventCountry "GER"]
[SourceTitle "CBM 192 Extra"]
[Source "Chessbase"]
[SourceDate "2019.11.06"]
[SourceVersion "1"]
[SourceVersionDate "2019.11.06"]
[SourceQuality "1"]

1. e4 d6 2. d4 Nf6 3. Bd3 Nbd7 4. Ne2 e5 5. c3 Be7 6. h3 c6 7. 0-0 0-0 8. Be3 Qc7 9. Ng3 Re8 10. Nd2 Nf8 11. Nf5 Bxf5 12. exf5 h6 13. dxe5 dxe5 14. Ne4 N8h7 15. Qe2 Nd5 16. Rad1 Nxe3 17. fxe3 Nf6 18. Kh1 Rad8 19. Qf3 Qb6 20. Qe2 Kh8 21. Nxf6 Bxf6 22. Bc4 Kg8 23. Bb3 Rxd1 24. Rxd1 Re7 25. g3 Bg5 26. Re1 Rd7 27. h4 Bf6 28. Kg2 c5 29. e4 Kh7 30. Bd5 g6 31. fxg6+ fxg6 32. Rf1 Bg7 33. Rf2 Qd6 34. Qc4 h5 35. Qe2 Qe7 36. c4 Qd8 37. Kh3 b6 38. g4 hxg4+ 39. Qxg4 Rd6 40. Bf7 Rf6 41. Rxf6 Qxf6 42. Be8 Qf1+ 43. Qg2 Qf6 44. Qg4 Qf1+ 45. Qg2 Qd3+ 46. Kh2 Qd6 47. Qg4 Qd2+ 48. Kh3 Qe3+ 49. Kh2 Qf2+ 50. Kh3 Qe3+ 1/2-1/2

[Event "Niederrhein-ch"]
[Site "Kamp Lintfort"]
[Date "2017.04.12"]
[Round "5"]
[White "Biessner, Eberhard"]
[Black "Westermann, Johannes"]
[Result "0-1"]
[WhiteElo "1811"]
[BlackElo "2130"]
[PlyCount "82"]
[EventDate "2017.04.08"]
[EventType "swiss"]
[EventRounds "7"]
[EventCountry "GER"]
[SourceTitle "EXT 2022"]
[Source "ChessBase"]
[SourceDate "2021.10.06"]
[SourceVersion "1"]
[SourceVersionDate "2021.10.06"]
[SourceQuality "1"]

1. e4 e5 2. Nf3 Nc6 3. Bc4 Nf6 4. Ng5 d5 5. exd5 Na5 6. Bb5+ c6 7. dxc6 bxc6 8. Qf3 Bd7 9. Ba4 Be7 10. 0-0 0-0 11. Nc3 h6 12. Nge4 Nd5 13. d3 Rb8 14. Bb3 Nb4 15. Qd1 Nxb3 16. axb3 f5 17. Ng3 a5 18. f4 Bd6 19. Bd2 Qc7 20. Nce2 Rbe8 21. fxe5 Bxe5 22. d4 Bd6 23. Bf4 Nd5 24. Bxd6 Qxd6 25. Qd2 f4 26. Nh1 Ne3 27. Rf2 g5 28. c4 Ng4 29. c5 Qe7 30. Re1 Nxf2 31. Nxf2 Qe3 32. Qxe3 Rxe3 33. Nd1 Re7 34. Kf2 Rfe8 35. Ndc3 Bg4 36. h3 Bxe2 37. Rxe2 Rxe2+ 38. Nxe2 Re3 39. Nc3 Kf7 40. d5 cxd5 41. Nxd5 Rxb3 0-1

[Event "Niederrhein-ch"]
[Site "Kamp Lintfort"]
[Date "2017.04.08"]
[Round "1"]
[White "Komans, Dieter"]
[Black "Biessner, Eberhard"]
[Result "0-1"]
[WhiteElo "2039"]
[BlackElo "1811"]
[PlyCount "66"]
[EventDate "2017.04.08"]
[EventType "swiss"]
[EventRounds "7"]
[EventCountry "GER"]
[SourceTitle "EXT 2022"]
[Source "ChessBase"]
[SourceDate "2021.10.06"]
[SourceVersion "1"]
[SourceVersionDate "2021.10.06"]
[SourceQuality "1"]

1. e4 Nf6 2. Bd3 Nc6 3. Nc3 Ne5 4. Be2 d6 5. d4 Nc6 6. Bg5 e5 7. d5 Ne7 8. f4 exf4 9. Nf3 a6 10. 0-0 Ng6 11. Nh4 Nxh4 12. Bxh4 h6 13. Rxf4 g5 14. Qd4 Be7 15. Raf1 gxf4 16. Rxf4 Rg8 17. Bxf6 Bxf6 18. Rxf6 Bh3 19. Bh5 Rxg2+ 20. Kh1 Rg7 21. Bf3 Bg4 22. Bg2 h5 23. h3 Bd7 24. Rf5 Bxf5 25. Qxg7 Bg6 26. e5 Qe7 27. e6 0-0-0 28. Qd4 Kb8 29. Qb4 Qg5 30. exf7 Bxf7 31. Ne4 Qc1+ 32. Kh2 Qf4+ 33. Kg1 Bxd5 0-1

[Event "Solingen Karneval op"]
[Site "Solingen"]
[Date "2017.02.24"]
[Round "1"]
[White "Coenen, Michael"]
[Black "Biessner, Eberhard"]
[Result "1-0"]
[WhiteElo "2379"]
[BlackElo "1833"]
[PlyCount "49"]
[EventDate "2017.02.24"]
[EventType "swiss"]
[EventRounds "5"]
[EventCountry "GER"]
[SourceTitle "EXT 2018"]
[Source "ChessBase"]
[SourceDate "2017.10.13"]
[SourceVersion "1"]
[SourceVersionDate "2017.10.13"]
[SourceQuality "1"]

1. e4 Nf6 2. e5 Nd5 3. g3 d6 4. exd6 exd6 5. Bg2 Nf6 6. Ne2 d5 7. d4 c6 8. 0-0 Bd6 9. c4 Be6 10. Nbc3 dxc4 11. Bg5 Be7 12. Nf4 Bd7 13. Bxf6 Bxf6 14. Re1+ Be7 15. Qe2 Kf8 16. d5 g5 17. Nh5 Bb4 18. Qe5 f6 19. Nxf6 Kf7 20. Nh5 Rg8 21. dxc6 Bxc3 22. bxc3 Nxc6 23. Bxc6 bxc6 24. Rad1 Kg6 25. g4 1-0

[Event "Cologne Longerich op-A 13th"]
[Site "Cologne"]
[Date "2016.08.12"]
[Round "1"]
[White "Renner, Michael"]
[Black "Biessner, Eberhard"]
[Result "0-1"]
[WhiteElo "1733"]
[BlackElo "1843"]
[PlyCount "70"]
[EventDate "2016.08.12"]
[EventType "swiss"]
[EventRounds "5"]
[EventCountry "GER"]
[SourceTitle "EXT 2022"]
[Source "ChessBase"]
[SourceDate "2021.10.06"]
[SourceVersion "1"]
[SourceVersionDate "2021.10.06"]
[SourceQuality "1"]

1. Nf3 Nf6 2. c4 c6 3. g3 d5 4. b3 Bg4 5. Bg2 Nbd7 6. Bb2 Bxf3 7. Bxf3 e5 8. 0-0 Bd6 9. d3 0-0 10. Nc3 d4 11. Ne4 Nxe4 12. Bxe4 f5 13. Bg2 Rb8 14. e3 c5 15. a4 Nf6 16. Qd2 Qe7 17. Rae1 Rfe8 18. Bc1 h6 19. Qb2 Qe6 20. Bh3 g6 21. e4 Ng4 22. exf5 gxf5 23. Bg2 Kg7 24. Qe2 Qg6 25. h3 Nf6 26. Qd2 e4 27. Kh1 e3 28. fxe3 Qxg3 29. Bd5 Qxh3+ 30. Kg1 Nxd5 31. cxd5 Kh7 32. Re2 dxe3 33. Qc2 Rg8+ 34. Rg2 Rxg2+ 35. Qxg2 Rg8 0-1

[Event "Dortmund Sparkassen op-B 44th"]
[Site "Dortmund"]
[Date "2016.07.11"]
[Round "3"]
[White "Biessner, Eberhard"]
[Black "Brock, Udo"]
[Result "1/2-1/2"]
[WhiteElo "1727"]
[BlackElo "1593"]
[PlyCount "123"]
[EventDate "2016.07.09"]
[EventType "swiss"]
[EventRounds "9"]
[EventCountry "GER"]
[SourceTitle "CBM 173 Extra"]
[Source "ChessBase"]
[SourceDate "2016.08.29"]
[SourceVersion "1"]
[SourceVersionDate "2016.08.29"]
[SourceQuality "1"]

1. e4 e6 2. Nc3 d5 3. exd5 exd5 4. d4 Nf6 5. Bd3 Nc6 6. Nce2 Nb4 7. Bb5+ c6 8. Ba4 Na6 9. c3 Bg4 10. Bf4 Nc7 11. Bc2 Ne6 12. Be5 Nd7 13. Bg3 Nf6 14. f3 Bh5 15. Qd2 Bg6 16. Nf4 Nxf4 17. Bxf4 Bxc2 18. Qxc2 Be7 19. Ne2 Qd7 20. Ng3 0-0 21. 0-0 Rfe8 22. Nf5 Bf8 23. Rfe1 Rxe1+ 24. Rxe1 Re8 25. Rxe8 Qxe8 26. Kf2 Qe6 27. g4 Ne8 28. h3 Bd6 29. Qd2 g6 30. Ng3 Be7 31. Bg5 Bd6 32. Bf4 Be7 33. Kg2 Nd6 34. b3 f6 35. h4 Nf7 36. Be3 Bd6 37. Bf4 Be7 38. h5 Kg7 39. Qd3 Bf8 40. a4 a6 41. Bd2 Bd6 42. hxg6 hxg6 43. Ne2 Qe8 44. Bf4 Qe7 45. Kf2 Qe6 46. Qd2 Qe7 47. b4 Qe6 48. Bxd6 Nxd6 49. Nf4 Qe8 50. Qd3 Nc4 51. a5 Nb2 52. Qe2 Qxe2+ 53. Kxe2 Kf7 54. Kd2 Nc4+ 55. Kd3 b6 56. axb6 Nxb6 57. Ng2 Nc4 58. Kc2 g5 59. Ne1 a5 60. Kb3 Ke7 61. Ka4 axb4 62. Kxb4 1/2-1/2

[Event "Goch op 26th"]
[Site "Goch"]
[Date "2015.09.03"]
[Round "1"]
[White "Biessner, Eberhard"]
[Black "Bomans, Arno"]
[Result "0-1"]
[WhiteElo "1884"]
[BlackElo "2270"]
[PlyCount "34"]
[EventDate "2015.09.03"]
[EventType "swiss"]
[EventRounds "7"]
[EventCountry "GER"]
[SourceTitle "EXT 2018"]
[Source "ChessBase"]
[SourceDate "2017.10.13"]
[SourceVersion "1"]
[SourceVersionDate "2017.10.13"]
[SourceQuality "1"]

1. e4 d6 2. d4 Nf6 3. Bd3 e5 4. c3 Nc6 5. Ne2 g6 6. d5 Nb8 7. 0-0 Bg7 8. Bg5 Nbd7 9. Qd2 h6 10. Bh4 Nxe4 11. Qxh6 Bxh6 12. Bxd8 Nec5 13. Bxg6 fxg6 14. Bxc7 Ke7 15. Ba5 b6 16. Bb4 Ba6 17. Bxc5 Nxc5 0-1

[Event "Goch op 25th"]
[Site "Goch"]
[Date "2014.09.04"]
[Round "1"]
[White "Biessner, Eberhard"]
[Black "Podzielny, Karl Heinz"]
[Result "0-1"]
[WhiteElo "1909"]
[BlackElo "2451"]
[PlyCount "68"]
[EventDate "2014.09.04"]
[EventType "swiss"]
[EventRounds "7"]
[EventCountry "GER"]
[SourceTitle "EXT 2016"]
[Source "ChessBase"]
[SourceDate "2015.10.08"]
[SourceVersion "1"]
[SourceVersionDate "2015.10.08"]
[SourceQuality "1"]

1. e3 Nf6 2. c4 g6 3. d4 Bg7 4. Nc3 0-0 5. Nf3 d6 6. g3 Nbd7 7. Bg2 e5 8. 0-0 Re8 9. Re1 c6 10. b3 e4 11. Nd2 d5 12. f3 exf3 13. Bxf3 Nf8 14. cxd5 cxd5 15. Bb2 Ne6 16. Rc1 h5 17. Nf1 Ng5 18. Bg2 Bg4 19. Qd3 Nh3+ 20. Bxh3 Bxh3 21. Nd1 Ne4 22. Nd2 Nd6 23. Nf2 Bf5 24. Qe2 Bh6 25. Nf1 Re6 26. Rc5 Ne4 27. Nxe4 Rxe4 28. Qb5 Qe7 29. Rxd5 Bxe3+ 30. Nxe3 Rxe3 31. Rf1 Bd3 32. Qd7 Bxf1 33. Qxe7 Rxe7 34. Kxf1 Rae8 0-1

[Event "Dortmund Sparkassen op-B"]
[Site "Dortmund"]
[Date "2013.08.01"]
[Round "6"]
[White "Biessner, Eberhard"]
[Black "Hofmann, Nicolas"]
[Result "0-1"]
[WhiteElo "1914"]
[BlackElo "1488"]
[PlyCount "50"]
[EventDate "2013.07.27"]
[EventType "swiss"]
[EventRounds "9"]
[EventCountry "GER"]
[SourceTitle "EXT 2022"]
[Source "ChessBase"]
[SourceDate "2021.10.06"]
[SourceVersion "1"]
[SourceVersionDate "2021.10.06"]
[SourceQuality "1"]

1. e4 c5 2. Nf3 e6 3. b3 a6 4. Bb2 d6 5. d4 cxd4 6. Nxd4 b5 7. c4 b4 8. Nd2 Nd7 9. Bd3 Bb7 10. Qe2 Nc5 11. Bc2 Nf6 12. 0-0 Qc7 13. f4 Be7 14. Rae1 0-0 15. Rf3 Rfd8 16. Rh3 e5 17. Nf5 Bf8 18. g4 g6 19. g5 Ne8 20. Nh6+ Bxh6 21. Rxh6 Ne6 22. Rf1 Nxf4 23. Rxf4 exf4 24. Qf2 Qc5 25. Bd4 Qxg5+ 0-1

[Event "Dortmund Sparkassen op-B"]
[Site "Dortmund"]
[Date "2013.07.30"]
[Round "4"]
[White "Biessner, Eberhard"]
[Black "Wuebker, Paul Luca"]
[Result "1-0"]
[WhiteElo "1914"]
[BlackElo "1500"]
[PlyCount "75"]
[EventDate "2013.07.27"]
[EventType "swiss"]
[EventRounds "9"]
[EventCountry "GER"]
[SourceTitle "EXT 2022"]
[Source "ChessBase"]
[SourceDate "2021.10.06"]
[SourceVersion "1"]
[SourceVersionDate "2021.10.06"]
[SourceQuality "1"]

1. e4 c5 2. Nf3 d6 3. d4 cxd4 4. Nxd4 e5 5. Ne2 Be6 6. Nbc3 Nf6 7. Bg5 Nbd7 8. Ng3 Be7 9. Be2 0-0 10. 0-0 h6 11. Be3 Qc7 12. Nd5 Bxd5 13. exd5 Rfc8 14. Rc1 Qa5 15. c4 Qxa2 16. Qd2 Bf8 17. Ra1 Qb3 18. Ra3 Qxa3 19. bxa3 b6 20. Nf5 Ne4 21. Qb2 Ndf6 22. f3 Nc5 23. Rb1 Na4 24. Qd2 Nc5 25. g4 Nh7 26. h4 Nd7 27. Bd3 e4 28. Bxe4 Ne5 29. Bxh6 Rxc4 30. Kg2 Nxg4 31. Bf4 Rd8 32. Bd3 Rxf4 33. Qxf4 Ne5 34. Be4 Nf6 35. Kh1 Ng6 36. Nh6+ gxh6 37. Bxg6 fxg6 38. Qxf6 1-0

[Event "Dortmund Sparkassen op-B"]
[Site "Dortmund"]
[Date "2013.07.27"]
[Round "1"]
[White "Kartsev, Nikolaj"]
[Black "Biessner, Eberhard"]
[Result "1-0"]
[WhiteElo "1591"]
[BlackElo "1914"]
[PlyCount "75"]
[EventDate "2013.07.27"]
[EventType "swiss"]
[EventRounds "9"]
[EventCountry "GER"]
[SourceTitle "EXT 2022"]
[Source "ChessBase"]
[SourceDate "2021.10.06"]
[SourceVersion "1"]
[SourceVersionDate "2021.10.06"]
[SourceQuality "1"]

1. e4 e5 2. Nf3 Nf6 3. Nxe5 d6 4. Nf3 Nxe4 5. Nc3 Nxc3 6. dxc3 Nc6 7. Bd3 Bg4 8. h3 Bh5 9. Bf4 Be7 10. 0-0 0-0 11. Be4 Rb8 12. Re1 Bf6 13. Qd3 Bg6 14. Bxg6 hxg6 15. Qd2 Qd7 16. Bg5 Rfe8 17. Bxf6 gxf6 18. Qf4 Kg7 19. Nd4 Re5 20. Nxc6 Qxc6 21. Qd4 Rbe8 22. Rxe5 Rxe5 23. Qxa7 Re2 24. Rc1 b6 25. Qa6 Rd2 26. Qc8 Qc5 27. Rf1 Rxc2 28. Kh1 Rxb2 29. Qg4 Rxa2 30. Re1 Rc2 31. Qh4 Rxc3 32. Re8 Qh5 33. Qa4 Qg5 34. h4 Rc1+ 35. Kh2 Qf5 36. f3 Rc2 37. Qa8 Rc1 38. Rg8+ 1-0

[Event "Solingen Karneval op"]
[Site "Solingen"]
[Date "2013.02.10"]
[Round "4"]
[White "Biessner, Eberhard"]
[Black "Callier, Christophe"]
[Result "1-0"]
[WhiteElo "1927"]
[BlackElo "2081"]
[PlyCount "101"]
[EventDate "2013.02.08"]
[EventType "swiss"]
[EventRounds "5"]
[EventCountry "GER"]
[SourceTitle "EXT 2015"]
[Source "ChessBase"]
[SourceDate "2014.11.20"]
[SourceVersion "1"]
[SourceVersionDate "2014.11.20"]
[SourceQuality "1"]

1. e4 d5 2. exd5 Qxd5 3. Nc3 Qd6 4. Nf3 Nf6 5. d4 a6 6. g3 Bg4 7. Be2 Nc6 8. Be3 e6 9. a3 Be7 10. Qd2 0-0 11. h3 Bf5 12. g4 Ne4 13. Nxe4 Bxe4 14. Bf4 Qd7 15. c3 Na5 16. Qd1 Bd6 17. Bg3 Bxg3 18. fxg3 Qd6 19. Rg1 b5 20. Nd2 Bd5 21. b4 Nc4 22. Nxc4 bxc4 23. Bf3 e5 24. dxe5 Qxe5+ 25. Kf2 Rad8 26. Re1 Qf6 27. Re3 Be4 28. Qe2 Bd3 29. Qe1 Rd6 30. Rc1 Re6 31. Qd2 Qh6 32. h4 g5 33. Rh1 Qf6 34. hxg5 Qxg5 35. Rxd3 Qb5 36. Rd4 c5 37. Qg5+ Rg6 38. Qh5 h6 39. Rd5 Qa4 40. Be4 Rf6+ 41. Kg2 Re8 42. Re5 Rd8 43. g5 Rd2+ 44. Kh3 Qd7+ 45. Kh4 Rff2 46. Rh3 cxb4 47. axb4 Rb2 48. gxh6 Qxh3+ 49. Kxh3 Rh2+ 50. Kg4 Rxh5 51. Rxh5 1-0

[Event "Solingen Karneval op"]
[Site "Solingen"]
[Date "2013.02.08"]
[Round "1"]
[White "Huendgen, Lorenz"]
[Black "Biessner, Eberhard"]
[Result "0-1"]
[WhiteElo "1411"]
[BlackElo "1927"]
[PlyCount "71"]
[EventDate "2013.02.08"]
[EventType "swiss"]
[EventRounds "5"]
[EventCountry "GER"]
[SourceTitle "EXT 2015"]
[Source "ChessBase"]
[SourceDate "2014.11.20"]
[SourceVersion "1"]
[SourceVersionDate "2014.11.20"]
[SourceQuality "1"]

1. e4 Nf6 2. Nc3 d5 3. exd5 Nxd5 4. Nge2 Nc6 5. Nxd5 Qxd5 6. Nc3 Qd8 7. Bb5 Bd7 8. d3 e5 9. Be3 a6 10. Bc4 Bb4 11. Qf3 0-0 12. 0-0 Rb8 13. Nd5 Bd6 14. c3 Na5 15. Bb3 Nxb3 16. axb3 c6 17. Bb6 Qg5 18. Ne3 Rbc8 19. Rfe1 Rfe8 20. Ra5 Be6 21. Nc4 Bxc4 22. bxc4 Re6 23. h3 Rce8 24. Qe4 f5 25. Qf3 g6 26. Qe3 Qf6 27. Qd2 Qh4 28. d4 e4 29. d5 Bf4 30. Be3 Bxe3 31. Qxe3 f4 32. Qd4 Re5 33. Ra4 f3 34. Re3 Rg5 35. dxc6 Rxg2+ 36. Kf1 0-1

[Event "Goch op 23rd"]
[Site "Goch"]
[Date "2012.09.02"]
[Round "6"]
[White "Biessner, Eberhard"]
[Black "Rosenberger, Frank"]
[Result "0-1"]
[WhiteElo "1929"]
[BlackElo "2167"]
[PlyCount "60"]
[EventDate "2012.08.30"]
[EventType "swiss"]
[EventRounds "7"]
[EventCountry "GER"]
[SourceTitle "EXT 2015"]
[Source "ChessBase"]
[SourceDate "2014.11.20"]
[SourceVersion "1"]
[SourceVersionDate "2014.11.20"]
[SourceQuality "1"]

1. e4 e6 2. d4 d5 3. exd5 exd5 4. Bf4 Bd6 5. Qf3 Nf6 6. Bd3 0-0 7. Ne2 Re8 8. h3 Nc6 9. c3 Bxf4 10. Qxf4 Ne7 11. 0-0 Ng6 12. Bxg6 Rxe2 13. Bd3 Rxb2 14. Qc1 Rb6 15. Nd2 Re6 16. Qc2 h6 17. Nf3 Qd6 18. Rfe1 Rxe1+ 19. Rxe1 Be6 20. Ne5 c5 21. Qb2 b6 22. Qa3 Qc7 23. f4 Bc8 24. Qb2 Bb7 25. g4 Ne4 26. Bxe4 dxe4 27. Qf2 cxd4 28. cxd4 Qc3 29. Kh2 Rd8 30. Rd1 e3 0-1

[Event "Goch op 23rd"]
[Site "Goch"]
[Date "2012.09.02"]
[Round "7"]
[White "Christen, Stefan"]
[Black "Biessner, Eberhard"]
[Result "0-1"]
[WhiteElo "1843"]
[BlackElo "1929"]
[PlyCount "120"]
[EventDate "2012.08.30"]
[EventType "swiss"]
[EventRounds "7"]
[EventCountry "GER"]
[SourceTitle "EXT 2015"]
[Source "ChessBase"]
[SourceDate "2014.11.20"]
[SourceVersion "1"]
[SourceVersionDate "2014.11.20"]
[SourceQuality "1"]

1. b3 d5 2. Bb2 c5 3. e3 Nc6 4. Bb5 Nf6 5. Nf3 Qb6 6. Be2 Bf5 7. d3 e6 8. Nbd2 Be7 9. 0-0 0-0 10. Nh4 Bg6 11. Rb1 Rad8 12. Re1 Qc7 13. Nxg6 hxg6 14. Nf3 Bd6 15. h3 Nh7 16. Qd2 e5 17. Qc3 b5 18. Red1 b4 19. Qe1 Qe7 20. e4 d4 21. Bc1 f5 22. Qd2 Qf7 23. Rf1 Be7 24. g3 Ra8 25. Ra1 a5 26. a4 Qe6 27. h4 f4 28. Kg2 Rf7 29. Bb2 Raf8 30. Rae1 g5 31. h5 g4 32. Bc1 gxf3+ 33. Bxf3 Ng5 34. g4 Rf6 35. Rh1 Rh6 36. Rh2 Kf7 37. Reh1 Rfh8 38. Qd1 Ke8 39. Qg1 g6 40. hxg6 Qxg6 41. Rxh6 Rxh6 42. Be2 Qh7 43. Rxh6 Qxh6 44. Qh2 Qxh2+ 45. Kxh2 Kf7 46. Bd2 Kg6 47. f3 Ne6 48. Be1 Nb8 49. Kh3 Nd7 50. Bf2 Nb6 51. Kh2 Nf8 52. Kh3 Nfd7 53. Kg2 Nxa4 54. bxa4 Nb6 55. Be1 Nxa4 56. c3 dxc3 57. Bd1 Nb2 58. Bc2 a4 59. Kf2 a3 60. Bb1 Nxd3+ 0-1